Reasignación de la carga tributaria en Colombia : (Registro nro. 7635)

Detalles MARC
000 -LEADER
fixed length control field 03171nam a2200301Ia 4500
003 - CONTROL NUMBER IDENTIFIER
control field OSt
005 - DATE AND TIME OF LATEST TRANSACTION
control field 20210419092914.0
008 - FIXED-LENGTH DATA ELEMENTS--GENERAL INFORMATION
fixed length control field 210310s2002 ck ad gr 000 0 spa d
020 ## - INTERNATIONAL STANDARD BOOK NUMBER
International Standard Book Number 9586824241
040 ## - CATALOGING SOURCE
Original cataloging agency CO-JMCR
Transcribing agency CO-JMCR
041 0# - LANGUAGE CODE
Language code of text/sound track or separate title spa
082 ## - DEWEY DECIMAL CLASSIFICATION NUMBER
Classification number 336.0093861 /
Item number O84r
Edition number 23
100 1# - MAIN ENTRY--PERSONAL NAME
Personal name Ossa Escobar, Carlos,
9 (RLIN) 15007
Relator term autor
245 10 - TITLE STATEMENT
Title Reasignación de la carga tributaria en Colombia :
Remainder of title propuestas y alternativas : evaluación de la política y estructura del sistema impositivo nacional y territorial /
Statement of responsibility, etc. Carlos Ossa Escobar, Contralor General de la República ; prólogo, Arnold C. Harberger, prólogo
250 ## - EDITION STATEMENT
Edition statement Primera edición
260 ## - PUBLICATION, DISTRIBUTION, ETC.
Place of publication, distribution, etc. Bogotá :
Name of publisher, distributor, etc. Contraloría General de la República,
Date of publication, distribution, etc. 2002
300 ## - PHYSICAL DESCRIPTION
Other physical details 195 páginas :
Extent ilustraciones y gráficas a blanco y negro ;
Dimensions 23 cm.
490 0# - SERIES STATEMENT
Series statement Colección Contraloría
500 ## - GENERAL NOTE
General note Incluye notas a pie de página.
504 ## - BIBLIOGRAPHY, ETC. NOTE
Bibliography, etc. note Bibliografía: páginas [184]-185
505 0# - FORMATTED CONTENTS NOTE
Formatted contents note Resumen -- Las finanzas del gobierno nacional -- Tributación nacional -- Tributación de las entidades territoriales -- Propuestas y recomendaciones acerca de la tributación a nivel nacional -- Propuestas y recomendaciones del nivel territorial y subnacional
520 3# - SUMMARY, ETC.
Summary, etc. La reasignación de la carga tributaria en Colombia: propuestas y alternativas es una obra que la Contraloría General de la República somete a consideración del Gobierno Nacional, del Congreso, de los gremios, de la academia y del país en general, cuyo propósito es contribuir en la construcción de un sistema impositivo progresivo, neutral y equitativo.<br/>Este trabajo cubre los elementos sustanciales, de procedimiento y de la administración de los impuestos del nivel nacional y territorial, en el contexto de la política y la estructura tributaria de los últimos treinta años. Sobre ellos se realiza el diagnóstico y se formula la propuesta.<br/>El estudio identifica, entre los rasgos estructurales del sistema tributario colombiano, la mala distribución de la carga, la proliferación de exenciones y beneficios inequitativos y regresivos, la inestabilidad de las reglas y arreglos institucionales. En conjunto, las medidas para subsanarlos conducen a una propuesta integral que permite enfrentar la reforma estructural de las finanzas públicas con claros criterios de responsabilidad social.<br/>La calidad técnica y académica del libro está avalada por el prólogo del profeso Arnold C. Harberger, quien evalúa y comenta el estudio. El profeso Harberger es un estudioso del tema impositivo a nivel internacional y posee amplia experiencia en los sistemas tributarios de América Latina. Desde 1984 es un profesor de Economía en la Universidad de California, Los Ángeles, y profesor visitante de las universidades de Harvard, Princeton y del Instituto Tecnológico de Massachusetts, MIT, del Centro para Estudio Internacionales en Nueva Delhi y de la Universidad de París.
650 14 - SUBJECT ADDED ENTRY--TOPICAL TERM
Topical term or geographic name entry element Impuestos
9 (RLIN) 15009
Geographic subdivision Colombia
650 24 - SUBJECT ADDED ENTRY--TOPICAL TERM
Topical term or geographic name entry element Planificación tributaria
Geographic subdivision Colombia
9 (RLIN) 36952
650 24 - SUBJECT ADDED ENTRY--TOPICAL TERM
Topical term or geographic name entry element Impuestos sobre la renta
Geographic subdivision Colombia
9 (RLIN) 36945
700 1# - ADDED ENTRY--PERSONAL NAME
Personal name Harberger, Arnold C.,
Relator term prologuista
9 (RLIN) 36953
942 ## - ADDED ENTRY ELEMENTS (KOHA)
Source of classification or shelving scheme Dewey Decimal Classification
Koha item type Books
Existencias
Withdrawn status Lost status Source of classification or shelving scheme Damaged status Not for loan Collection code Home library Current library Date acquired Source of acquisition Full call number Barcode Date last seen Copy number Koha item type Total Checkouts Total Renewals Date last checked out Price effective from
    Dewey Decimal Classification     Non-fiction Biblioteca Pública José María del Castillo y Rada Biblioteca Pública José María del Castillo y Rada 04/15/2018 Donación 336.0093861 / O84r 430003387 05/16/2024 Ej.1 Books        
    Dewey Decimal Classification     Non-fiction Biblioteca Pública José María del Castillo y Rada Biblioteca Pública José María del Castillo y Rada 04/15/2018 Donación 336.0093861 / O84r 430003388 05/16/2024 Ej.2 Books 2 2 05/04/2022 04/19/2021